000
00251 a2200097 4500
001
15157
100
_a
Myrdal G
245
_a
Aslan drama an inquiry into the poverty of nations (Vol- III)
260
_a
England
_b
Penguin book
_c
090
_c
11901
_d
11901
942
_a
NUST-CAE
_c
M
_c
2116
999
_c
250230
_d
250230